00902nab a2200241 uc450000100070000000500170000700800410002403500110006503500210007604000130009704100080011010000390011824501340015765000560029165000250034765000160037265000450038870000380043370000410047177301210051294200100063399900170064318331920240201130001.0980522e19960501 spa  a183319 a(OCoLC)819762638 ccomduadb aspa10aJaimes, Santiago4auteaut931887910aTransferencia y adaptacion de un sistema de informacion geografica a asociaciones de usuarios de distritos de riesgo transferidos aSistemas de Información Geográfica (SIG)938252 aBases de datos96934 aRiego94191 aGeografía agrícola - Colombia92292110aVelasco, Israel4auteaut950677510aRobles, Braulio D.4auteaut92840450 tIngeniería Hidráulica en México (Morelos)gVol. 11, No. 02, May.-Ago. 1996, p. 33-47w110405x0186-4076091028 cARIMP c83119d83119